Diagnóstico de la incorporación de las TICs, en el proceso de enseñanza-aprendizaje en el Nivel Medio, caso: CENAPEC-4to. Curso, 2010. (Record no. 845)

MARC details
000 -LEADER
campo de control de longitud fija 02287nam a2200553Ia 4500
001 - NÚMERO DE CONTROL
campo de control 925
008 - DATOS DE LONGITUD FIJA--INFORMACIÓN GENERAL
campo de control de longitud fija 241029s9999 xx 000 0 und d
010 ## - NÚMERO DE CONTROL DE LA BIBLIOTECA DEL CONGRESO
Número de control de LC 845
041 ## - CÓDIGO DE IDIOMA
Código de lengua del texto/banda sonora o título independiente Español
082 ## - NÚMERO DE LA CLASIFICACIÓN DECIMAL DEWEY
Número de clasificación F.C.E MA. Tecn Educ. 2010 168
245 #0 - MENCIÓN DEL TÍTULO
Título Diagnóstico de la incorporación de las TICs, en el proceso de enseñanza-aprendizaje en el Nivel Medio, caso: CENAPEC-4to. Curso, 2010.
260 ## - PUBLICACIÓN, DISTRIBUCIÓN, ETC.
Lugar de publicación, distribución, etc. Santo Domingo
300 ## - DESCRIPCIÓN FÍSICA
Extensión 67
520 ## - RESUMEN, ETC.
Sumario, etc. 37
520 ## - RESUMEN, ETC.
Sumario, etc. Este trabajo investigativo se propuso determinar el nivel de incorporación de las TICs en el proceso de enseñanza-aprendizaje en el Nivel Medio de CENAPEC. La  presente investigación fue considerada de tipo descriptivo y documental. Para la consecución del objetivo se utilizaron varios métodos, el deductivo, analítico, sintético. La investigación se llevó a cabo en ocho (8) semanas y en la misma participaron diecisiete (17) alumnos y cinco (5) docentes.El estudio mostró que CENAPEC cuenta con una plataforma tecnológica en Visual Basic, con base datos SQL y para compartir información utiliza Oulook Exchange. La Institución posee una plataforma educativa MOODLE para conducir el proceso de enseñanza-aprendizaje del bachillerato virtual y el equipo docente cuenta con las competencias requeridas. 
630 ## - PUNTO DE ACCESO ADICIONAL DE MATERIA--TÍTULO UNIFORME
Título uniforme Aprendizaje
630 ## - PUNTO DE ACCESO ADICIONAL DE MATERIA--TÍTULO UNIFORME
Título uniforme Diagnóstico
630 ## - PUNTO DE ACCESO ADICIONAL DE MATERIA--TÍTULO UNIFORME
Título uniforme Enseñanza
630 ## - PUNTO DE ACCESO ADICIONAL DE MATERIA--TÍTULO UNIFORME
Título uniforme Proceso Educativo
650 ## - PUNTO DE ACCESO ADICIONAL DE MATERIA--TÉRMINO DE MATERIA
Término de materia o nombre geográfico como elemento de entrada Orientación
690 ## - PUNTO DE ACCESO ADICIONAL DE MATERIA LOCAL--TÉRMINO DE MATERIA (OCLC, RLIN)
Término de materia o nombre geográfico como elemento inicial Elaborado
700 ## - ENTRADA AGREGADA--NOMBRE PERSONAL
Término indicativo de función/relación asesor
Nombre de persona Váldez Coats, Carlos Albert
700 ## - ENTRADA AGREGADA--NOMBRE PERSONAL
Término indicativo de función/relación autor
Nombre de persona Ávila Severino, Ana Belkis
901 ## - ELEMENTOS DE DATOS A LOCAL LDA (RLIN)
a {"1":"Ávila Severino"}
b {"1":"Ana Belkis"}
902 ## - ELEMENTOS DE DATOS B LOCAL, LDB (RLIN)
a 1
903 ## - ELEMENTOS DE DATOS C LOCAL, LDC (RLIN)
a {"1":"Váldez Coats"}
b {"1":"Carlos Albert "}
904 ## - ELEMENTOS DE DATOS D LOCAL, LDD (RLIN)
a Maestría en
905 ## - ELEMENTOS DE DATOS E LOCAL, LDE (RLIN)
a Tecnología Educativa
906 ## - ELEMENTOS DE DATOS F LOCAL, LDF (RLIN)
a 2
907 ## - ELEMENTOS DE DATOS G LOCAL, LDG (RLIN)
a NO APLICA
908 ## - COLOCAR PARÁMETRO DE COMANDO (RLIN)
Colocar parámetro de comando NO APLICA
909 ## -
-- Universidad Autónoma de Santo Domingo (UASD)
910 ## - DATOS DE OPCIÓN DEL USUARIO (OCLC)
Datos de opción del usuario NULL
-- NULL
911 ## - EQUIVALENCIA O REFERENCIA-CRUZADA-NOMBRE DE CONFERENCIA O REUNIÓN/CONGRESO [LOCAL, CANADÁ]
Nombre de congreso/reunión o jurisdicción como elemento de entrada ["1"]
912 ## -
-- NO APLICA
913 ## -
-- NULL
914 ## -
-- 01 de Noviembre de 2010
915 ## -
-- 30/11/19 01:11
916 ## -
-- NULL
917 ## -
-- NULL
918 ## -
-- NO APLICA
919 ## -
-- ["18","217","202","165"]
921 ## -
-- 2
922 ## -
-- 2
923 ## -
-- 0
924 ## -
-- NO APLICA
942 ## - ELEMENTOS DE ENTRADA SECUNDARIOS (KOHA)
Tipo de ítem Koha

No items available.

© 2024. Todos los Derechos Reservados. Desarrollado por IDEICE